000 00991nam a22003137a 4500
003 CHAP
005 20220329141705.0
008 971013s1962 r 00010 d
010 _a72260
011 _a73232
035 _a82789
040 _cCHAP
082 _a332.31
_bB25
110 _aBanco Regional Agrícola del Papaloapan, S. A.
_99895
245 _aInforme anual, 1961-
260 _aVeracruz, Ver. :
_bEl Banco,
_c1962-
300 _av.
500 _aLa biblioteca tiene : 1963
590 _aBATCH-UPD
_b10
_c20130110
_lUCH01
_h0950
590 _aBATCH-UPD
_b10
_c20130410
_lUCH01
_h0604
590 _aBATCH-UPD
_b10
_c20130914
_lUCH01
_h0532
590 _aCONVERSION
_b10
_c20130109
_lUCH01
_h1340
650 1 4 _aBancos agrícolas.
_99898
650 1 4 _aCrédito agrícola.
_929022
901 _aBK
942 _cLIBRO
949 _a332.31 B25
_bBC
_cLIBRO
_d33724000332235
_eLIBRO
_f1963 c.2
_i82789
_si
949 _a332.31 B25
_bBC
_cLIBRO
_d33724000336491
_eLIBRO
_f1963
_h29025
_i82789
_si
999 _c72260
_d72260